[Event "Muensterland Verbandsliga 0405"]
[Site "Muensterland"]
[Date "2005.01.29"]
[Round "5.1"]
[White "Babar, Michael"]
[Black "Stoecker, Ralph"]
[Result "0-1"]
[WhiteElo "2103"]
[BlackElo "2006"]
[PlyCount "106"]
[EventDate "2004.09.18"]
[EventType "team-tourn"]
[EventRounds "9"]
[EventCountry "GER"]
[SourceTitle "EXT 2006"]
[Source "ChessBase"]
[SourceDate "2005.11.24"]
[SourceVersion "1"]
[SourceVersionDate "2005.11.24"]
[SourceQuality "1"]
[WhiteTeam "Muenster II"]
[BlackTeam "Ibbenbueren"]
[WhiteTeamCountry "GER"]
[BlackTeamCountry "GER"]

1. Nf3 d5 2. d4 e6 3. c4 f5 4. cxd5 exd5 5. Nc3 Nf6 6. Bg5 c6 7. Qc2 Bd6 8. Bxf6 Qxf6 9. Nxd5 Qf7 10. Nc3 0-0 11. e3 h6 12. Bd3 Be6 13. 0-0 Nd7 14. Rfe1 Rae8 15. Be2 Nf6 16. Nd2 Kh8 17. Nf1 Re7 18. a3 a6 19. b4 Nd5 20. Rac1 Bb8 21. Nxd5 Bxd5 22. Nd2 Be4 23. Qc5 Qf6 24. Bf3 Bd6 25. Qc3 Bd5 26. Bxd5 cxd5 27. g3 g5 28. f4 Rg8 29. Kh1 Qg6 30. Rg1 Rge8 31. Rce1 Qh5 32. Qd3 gxf4 33. gxf4 Bxf4 34. Rg2 Rxe3 35. Rxe3 Rxe3 36. Qf1 Bg3 37. Nf3 Rxf3 38. Qe2 Qg4 39. hxg3 Qe4 40. Qxe4 fxe4 41. Rh2 Rxg3 42. Rxh6+ Kg7 43. Rh5 Rxa3 44. Rxd5 b5 45. Re5 Ra4 46. Rxe4 Rxb4 47. Kg2 a5 48. Kf3 a4 49. Ke3 a3 50. Rg4+ Kf6 51. Rg1 a2 52. Ra1 Rb2 53. Kd3 b4 0-1

[Event "Muensterland Verbandsklasse-A 0304"]
[Site "Germany"]
[Date "2004.03.06"]
[Round "7.2"]
[White "Wetterau, Georg"]
[Black "Stoecker, Ralph"]
[Result "0-1"]
[WhiteElo "1932"]
[BlackElo "1992"]
[PlyCount "142"]
[EventDate "2003.09.20"]
[EventType "team-tourn"]
[EventRounds "9"]
[EventCountry "GER"]
[SourceTitle "EXT 2005"]
[Source "ChessBase"]
[SourceDate "2004.11.15"]
[SourceVersion "1"]
[SourceVersionDate "2004.11.15"]
[SourceQuality "1"]
[WhiteTeam "Nordwalde"]
[BlackTeam "Ibbenbueren"]
[WhiteTeamCountry "GER"]
[BlackTeamCountry "GER"]

1. Nc3 d5 2. e4 c6 3. g3 dxe4 4. Nxe4 Nf6 5. Bg2 Bf5 6. Qe2 e6 7. d3 Be7 8. Bd2 Na6 9. 0-0-0 Nb4 10. Kb1 a5 11. h4 h6 12. Nh3 Qb6 13. Be3 Qc7 14. Nf4 e5 15. Nxf6+ gxf6 16. Nh3 Be6 17. a3 Nd5 18. Bd2 Qb6 19. Kc1 Rg8 20. c4 Qb3 21. cxd5 cxd5 22. Bc3 d4 23. Qc2 Qb6 24. Kd2 Bb3 25. Qb1 Bxd1 26. Rxd1 dxc3+ 27. bxc3 Qxb1 28. Rxb1 Rb8 29. a4 b6 30. Bc6+ Kd8 31. Bd5 Ke8 32. Bc6+ Kf8 33. Ng1 Bc5 34. Ke2 Rc8 35. Bb5 Be7 36. Kd2 Bc5 37. Ke2 Ke7 38. Nf3 Rg7 39. Nd2 f5 40. Nc4 Kf6 41. Re1 Rd8 42. Nd2 Kg6 43. Kf1 f6 44. Nf3 Re7 45. Kg2 e4 46. h5+ Kh7 47. dxe4 fxe4 48. Nh4 Rd2 49. Bc6 Rxf2+ 50. Kh3 e3 51. Ng6 Rc7 52. Be4 Kg7 53. Nf4 Re7 54. Bf5 Ra2 55. Ng6 Ra7 56. Be6 Rxa4 57. Rd1 Re4 58. Bg4 a4 59. Nf4 a3 60. Ne6+ Rxe6 61. Bxe6 e2 62. Ra1 a2 63. Kg2 e1Q 64. Rxe1 a1Q 65. Rxa1 Rxa1 66. Kf3 Kf8 67. Bf5 Ke7 68. Bg6 Ra3 69. Ke4 Rxc3 70. Kd5 Rxg3 71. Kc6 Rxg6 0-1

[Event "Muensterland Verbandsklasse-A 0304"]
[Site "Germany"]
[Date "2003.12.13"]
[Round "4.2"]
[White "Stoecker, Ralph"]
[Black "Topp, Michael"]
[Result "1/2-1/2"]
[WhiteElo "1992"]
[BlackElo "2130"]
[PlyCount "102"]
[EventDate "2003.09.20"]
[EventType "team-tourn"]
[EventRounds "9"]
[EventCountry "GER"]
[SourceTitle "EXT 2005"]
[Source "ChessBase"]
[SourceDate "2004.11.15"]
[SourceVersion "1"]
[SourceVersionDate "2004.11.15"]
[SourceQuality "1"]
[WhiteTeam "Ibbenbueren"]
[BlackTeam "Emsdetten Turm III"]
[WhiteTeamCountry "GER"]
[BlackTeamCountry "GER"]

1. e4 d6 2. d4 Nf6 3. Bd3 e5 4. c3 d5 5. dxe5 Nxe4 6. Bxe4 dxe4 7. Qxd8+ Kxd8 8. Be3 Nc6 9. f4 Ne7 10. Na3 c6 11. Ne2 Nd5 12. Nc2 Kc7 13. 0-0-0 Bg4 14. Rhe1 f6 15. h3 Bh5 16. g4 Bf7 17. Bg1 h5 18. e6 Bxe6 19. Ned4 Bd7 20. Rxe4 hxg4 21. hxg4 Bd6 22. f5 Rae8 23. Rxe8 Rxe8 24. Re1 Rxe1+ 25. Nxe1 c5 26. Ndc2 Bb5 27. Kd2 Bf1 28. Ne3 Bf4 29. Nd3 Bh6 30. Nxc5 Bh3 31. Ne6+ Kc6 32. g5 Nxe3 33. Bxe3 fxg5 34. Nxg5 Bxf5 35. c4 Kd7 36. Nf3 Bb1 37. a3 Kd6 38. b4 Ba2 39. c5+ Kd5 40. Ne1 Bxe3+ 41. Kxe3 Kc4 42. Nc2 Kb3 43. Nd4+ Kxa3 44. b5 Bd5 45. Kf4 a5 46. b6 Bg2 47. c6 Bxc6 48. Nxc6 Ka4 49. Nd8 Kb5 50. Nxb7 a4 51. Nc5 Kxb6 1/2-1/2

[Event "Muensterland Verbandsklasse-A 0304"]
[Site "Germany"]
[Date "2003.10.04"]
[Round "2.1"]
[White "Stoecker, Ralph"]
[Black "Storck, Martin"]
[Result "1/2-1/2"]
[WhiteElo "1992"]
[BlackElo "2028"]
[PlyCount "65"]
[EventDate "2003.09.20"]
[EventType "team-tourn"]
[EventRounds "9"]
[EventCountry "GER"]
[SourceTitle "EXT 2005"]
[Source "ChessBase"]
[SourceDate "2004.11.15"]
[SourceVersion "1"]
[SourceVersionDate "2004.11.15"]
[SourceQuality "1"]
[WhiteTeam "Ibbenbueren"]
[BlackTeam "Gronau"]
[WhiteTeamCountry "GER"]
[BlackTeamCountry "GER"]

1. e4 e5 2. Nf3 Nf6 3. Nxe5 d6 4. Nf3 Nxe4 5. c3 d5 6. d3 Nf6 7. Be2 Bd6 8. Bg5 h6 9. Bh4 Nbd7 10. Nbd2 c5 11. Bg3 Bxg3 12. hxg3 Qc7 13. d4 b6 14. Bd3 0-0 15. 0-0 Ng4 16. Re1 Ndf6 17. Ne5 Nxe5 18. Rxe5 Bg4 19. f3 Be6 20. Nf1 Rfe8 21. Qd2 Nd7 22. Re2 Nf8 23. Rae1 Bd7 24. Ne3 cxd4 25. cxd4 Qd6 26. Kf2 a5 27. a3 Rad8 28. Bb1 Bb5 29. Nf5 Rxe2+ 30. Rxe2 Qf6 31. Re5 Ng6 32. Re1 Bd7 33. Ne3 1/2-1/2

[Event "Muensterland Verbandsklasse-A 0203"]
[Site "Muensterland"]
[Date "2003.04.05"]
[Round "8.2"]
[White "Stoecker, Ralph"]
[Black "Jacob, Helmut"]
[Result "0-1"]
[WhiteElo "2004"]
[BlackElo "2182"]
[PlyCount "120"]
[EventDate "2002.09.28"]
[EventType "team-tourn"]
[EventRounds "9"]
[EventCountry "GER"]
[SourceTitle "EXT 2004"]
[Source "ChessBase"]
[SourceDate "2003.11.25"]
[SourceVersion "1"]
[SourceVersionDate "2003.11.25"]
[SourceQuality "1"]
[WhiteTeam "Ibbenbueren"]
[BlackTeam "Ochtrup"]
[WhiteTeamCountry "GER"]
[BlackTeamCountry "GER"]

1. e4 c6 2. d4 d5 3. f3 dxe4 4. fxe4 e5 5. Nf3 Be6 6. c3 Nf6 7. Bd3 Nbd7 8. 0-0 Qc7 9. Kh1 h6 10. Be3 Bd6 11. Nbd2 Ng4 12. Bg1 f6 13. c4 h5 14. c5 Be7 15. b4 exd4 16. Nxd4 Nf8 17. Nxe6 Nxe6 18. Be2 Ne5 19. Nc4 Rd8 20. Qb3 Nd4 21. Bxd4 Rxd4 22. Rad1 Rxd1 23. Rxd1 Nf7 24. Qh3 g6 25. Qe6 Ng5 26. Nd6+ Kf8 27. Qc4 Bxd6 28. cxd6 Qd7 29. Qd4 Kg7 30. e5 Qe6 31. exf6+ Qxf6 32. Qxa7 Ne4 33. Rf1 Qxd6 34. Qxb7+ Kh6 35. Qb6 Qd2 36. Bf3 Qd3 37. Rd1 Nd2 38. Qxc6 Rd8 39. Be4 Qd6 40. Qxd6 Rxd6 41. Kg1 Nxe4 42. Rxd6 Nxd6 43. a4 Kg5 44. b5 Kf4 45. b6 Nb7 46. Kf2 h4 47. g3+ hxg3+ 48. hxg3+ Ke4 49. Ke2 g5 50. Kf2 g4 51. Ke2 Na5 52. Kf2 Kd3 53. Kf1 Ke3 54. Kg2 Ke2 55. Kg1 Kf3 56. Kh2 Kf2 57. Kh1 Kxg3 58. Kg1 Kf3 59. Kf1 g3 60. Kg1 g2 0-1

[Event "Muensterland Verbandsklasse-A 0203"]
[Site "Muensterland"]
[Date "2002.11.09"]
[Round "2.3"]
[White "Rothkegel, Juergen"]
[Black "Stoecker, Ralph"]
[Result "1/2-1/2"]
[WhiteElo "1919"]
[BlackElo "2004"]
[PlyCount "32"]
[EventDate "2002.09.28"]
[EventType "team-tourn"]
[EventRounds "9"]
[EventCountry "GER"]
[SourceTitle "EXT 2004"]
[Source "ChessBase"]
[SourceDate "2003.11.25"]
[SourceVersion "1"]
[SourceVersionDate "2003.11.25"]
[SourceQuality "1"]
[WhiteTeam "Gronau"]
[BlackTeam "Ibbenbueren"]
[WhiteTeamCountry "GER"]
[BlackTeamCountry "GER"]

1. e4 c6 2. d4 d5 3. Nc3 dxe4 4. Nxe4 Nf6 5. Ng5 h6 6. N5f3 Bf5 7. Bc4 e6 8. Bf4 Nd5 9. Ne2 Nxf4 10. Nxf4 Bd6 11. Nd3 Nd7 12. Qe2 a5 13. Nde5 Nxe5 14. Nxe5 Bxe5 15. dxe5 0-0 16. 0-0 Qc7 1/2-1/2